NET Bible : (Record no. 9871)
[ view plain ]
| 000 -LEADER | |
|---|---|
| fixed length control field | 01184nam a22002537a 4500 |
| 003 - CONTROL NUMBER IDENTIFIER | |
| control field | GBCCL |
| 005 - DATE AND TIME OF LATEST TRANSACTION | |
| control field | 20251127143410.0 |
| 008 - FIXED-LENGTH DATA ELEMENTS--GENERAL INFORMATION | |
| fixed length control field | 230809b ||||| |||| 00| 0 eng d |
| 020 ## - INTERNATIONAL STANDARD BOOK NUMBER | |
| International Standard Book Number | 9780785224648, |
| 020 ## - INTERNATIONAL STANDARD BOOK NUMBER | |
| International Standard Book Number | 0785224645 |
| 040 ## - CATALOGING SOURCE | |
| Transcribing agency | GBC |
| 082 ## - DEWEY DECIMAL CLASSIFICATION NUMBER | |
| Classification number | 220.5208 |
| Item number | NET |
| 245 ## - TITLE STATEMENT | |
| Title | NET Bible : |
| Remainder of title | full notes edition |
| 250 ## - EDITION STATEMENT | |
| Edition statement | New English translation |
| 260 ## - PUBLICATION, DISTRIBUTION, ETC. | |
| Place of publication, distribution, etc. | [Place of publication not identified], |
| Name of publisher, distributor, etc. | Thomas Nelson, |
| Date of publication, distribution, etc. | 2019 |
| 300 ## - PHYSICAL DESCRIPTION | |
| Extent | xii, 2434 pages : |
| Other physical details | color maps ; |
| Dimensions | 24 cm |
| 505 ## - FORMATTED CONTENTS NOTE | |
| Formatted contents note | The New English Translation is the newest complete translation of the Bible into English. Clear, readable, elegant and accurate, the NET was produce by a team of the world's leading biblical scholars working from the best available manuscripts. The unparalleled set of more that 60,000 translators' notes documents every major translation decision. You can trust the NET to give you the full picture. (Publishers' note from the book jacket.)<br/> |
| 505 ## - FORMATTED CONTENTS NOTE | |
| Formatted contents note | New English Translation with over 60,000 translators notes |
| 650 ## - SUBJECT ADDED ENTRY--TOPICAL TERM | |
| Topical term or geographic name entry element | Bible |
| 9 (RLIN) | 5 |
| 650 ## - SUBJECT ADDED ENTRY--TOPICAL TERM | |
| Topical term or geographic name entry element | Bible. |
| Form subdivision | English. |
| 9 (RLIN) | 12281 |
| 650 ## - SUBJECT ADDED ENTRY--TOPICAL TERM | |
| Topical term or geographic name entry element | NET Bible Texts |
| 9 (RLIN) | 17174 |
| 650 ## - SUBJECT ADDED ENTRY--TOPICAL TERM | |
| Topical term or geographic name entry element | Texts |
| 9 (RLIN) | 17175 |
| 942 ## - ADDED ENTRY ELEMENTS (KOHA) | |
| Source of classification or shelving scheme | Dewey Decimal Classification |
| Koha item type | Reference Books |
| Withdrawn status | Lost status | Source of classification or shelving scheme | Damaged status | Not for loan | Home library | Current Library | Shelving location | Date acquired | Total checkouts | Full call number | Barcode | Date last seen | Copy number | Price effective from | Koha item type |
|---|---|---|---|---|---|---|---|---|---|---|---|---|---|---|---|
| Dewey Decimal Classification | GRACE BIBLE COLLEGE | GRACE BIBLE COLLEGE | Bible | 2023-08-09 | 220.5208 NET | 016054 | 2025-05-01 | c.1 | 2023-08-09 | Reference Books | |||||
| Dewey Decimal Classification | GRACE BIBLE COLLEGE | GRACE BIBLE COLLEGE | Bible | 2024-06-21 | 220.5208 NET | 016894 | 2025-05-01 | c.2 | 2024-06-21 | Reference Books |